000 00403cam a22001337a 4500
008 180718b1962 xxu||||| |||| 00| 0 eng d
082 _aP R141
100 _aRamanathan, G.
245 _aEducation from dewey to gandhi: the theory of basic education
_cby G. Ramanathan
260 _aBombay
_bAsia
_c1962
300 _aviii, 308p
650 _aWardha scheme of education
650 _aEducation --Philosophy
999 _c430235
_d430235